000 00732nam a2200217Ia 4500
999 _c27825
_d27825
003 GCL
005 20240530101813.0
008 140319s1993 ua 000 0 ara d
040 _aGCL /
_cGCL
082 0 4 _a962.074/
_bق/م ب
100 0 _aمنال نورالدين
245 1 0 _aبعد عشرين عاما على أكتوبر القادة يتحدثون/
_cمنال نورالدين
260 _aالقاهرة :
_bالهيئة المصرية العامة للكتاب ،
_c1993
300 _a227 ص. ؛
_c24 سم
650 0 4 _aالعصر الحديث
650 0 4 _aمصر
650 0 4 _aتاريخ
650 0 4 _aالجيش المصرى
650 0 4 _aالحرب العربية الاسرائيلية
942 _2ddc
_cBK